000 00226nam a22001217a 4500
040 _cSK
082 _a339
100 _aGREGORY N.
245 _aMacroeconomics
260 _aHARVARD
_bGER
_c2007
300 _a583p.
942 _cEK
999 _c9596
_d9596